| Tag |
First Indicator |
Second Indicator |
Subfields |
| LEADER |
00000cam a22000001a 4500 |
| 001 |
in00004100646 |
| 005 |
20200117091333.0 |
| 006 |
m d f |
| 007 |
cr bn mmmapmmp |
| 008 |
100709s2010 dcu ob f000 0 eng d |
| 035 |
|
|
|a chdc201001088
|
| 040 |
|
|
|a UMI
|c UMI
|d UtOrBLW
|
| 042 |
|
|
|a pcc
|
| 043 |
|
|
|a n-us---
|
| 074 |
|
|
|a 1035-C
|
| 086 |
0 |
|
|a Y 4.B 22/3:S.HRG.111-273
|
| 110 |
1 |
|
|a United States.
|b Congress.
|b Senate.
|b Committee on Banking, Housing, and Urban Affairs.
|b Subcommittee on Securities, Insurance, and Investment.
|0 http://id.loc.gov/authorities/names/no2009196483
|
| 245 |
1 |
0 |
|a Regulating hedge funds and other private investment pools :
|b hearing before the Subcommittee on Securities, Insurance, and Investment of the Committee on Banking, Housing, and Urban Affairs, United States Senate, One Hundred Eleventh Congress, first session, on examining the regulation of hedge funds and other private investment pools to assist regulators in addressing fraud and preventing systemic risk in our capital markets, July 15, 2009.
|
| 264 |
|
1 |
|a Washington :
|b U.S. G.P.O.,
|c 2010.
|
| 264 |
|
2 |
|a Washington :
|b For sale by the Supt. of Docs., U.S. G.P.O.
|
| 300 |
|
|
|a iii, 104 pages, digital, PDF file.
|
| 336 |
|
|
|a text
|b txt
|2 rdacontent
|
| 337 |
|
|
|a computer
|b c
|2 rdamedia
|
| 338 |
|
|
|a online resource
|b cr
|2 rdacarrier
|
| 490 |
1 |
|
|a S. hrg. ;
|v 111-273
|
| 500 |
|
|
|a Shipping list number: 2010-0185-P.
|
| 504 |
|
|
|a Includes bibliographical references.
|
| 500 |
|
|
|a Record is based on bibliographic data in ProQuest Congressional Hearings Digital Collection. Reuse except for individual research requires license from ProQuest, LLC.
|
| 500 |
|
|
|a Electronic resource.
|
| 533 |
|
|
|a Electronic reproduction.
|b [Bethesda, Md.] :
|c ProQuest,
|d 2010.
|e digital, PDF file.
|n ProQuest U.S. Congressional Hearings Digital Collection.
|n Mode of access: World Wide Web via ProQuest website.
|
| 538 |
|
|
|a System requirements: PDF reader software.
|
| 650 |
|
0 |
|a Hedge funds
|x State supervision
|z United States.
|
| 650 |
|
0 |
|a Syndicates (Finance)
|z United States.
|
| 650 |
|
0 |
|a Risk management
|z United States.
|0 http://id.loc.gov/authorities/subjects/sh2008110812
|
| 776 |
0 |
8 |
|i Print version:
|a United States. Congress. Senate. Committee on Banking, Housing, and Urban Affairs. Subcommittee on Securities, Insurance, and Investment.
|t Regulating hedge funds and other private investment pools
|w 9780160854804
|w 0160854806
|w (OCoLC)591599418
|z 2010443733
|
| 776 |
0 |
8 |
|i Microfiche version:
|a United States. Congress. Senate. Committee on Banking, Housing, and Urban Affairs. Subcommittee on Securities, Insurance, and Investment.
|t Regulating hedge funds and other private investment pools
|d [Bethesda, Md.] : ProQuest,[2010]
|o CIS 2010 S241-73
|w (ProQuest)cis01002784
|
| 810 |
1 |
|
|a United States.
|b Congress.
|b Senate.
|t S. hrg. ;
|v 111-273.
|0 http://id.loc.gov/authorities/names/n83707917
|
| 856 |
4 |
0 |
|u http://proxy.library.tamu.edu/login?url=http://search.proquest.com/congcomp/getdoc?HEARING-ID=HRG-2009-BHU-0037
|y Electronic resource (PDF)
|t 0
|
| 998 |
|
|
|a cis01002784
|
| 999 |
f |
f |
|s 7b22b867-e038-375c-9c05-653486691fbc
|i c26443d9-303b-3d46-8cd3-02619348cede
|t 0
|
| 952 |
f |
f |
|a Texas A&M University
|b College Station
|c Electronic Resources
|d Available Online
|t 0
|e Y 4.B 22/3:S.HRG.111-273
|h Superintendent of Documents classification
|
| 998 |
f |
f |
|a Y 4.B 22/3:S.HRG.111-273
|t 0
|l Available Online
|